000 00325nam a2200133 i 4500
001 bg
100 1 _aSZYC, W.
245 0 _aDrgania i stateczność dynamiczna powłoki stożkowej... /
_cW. Szyc.
260 _aPoznań,
_c1984.
040 _cBPK
041 _apol
942 _cKS
008 s pl f |000 0 pol
999 _c28005
_d28005
856 _uhttp://koha.tu.koszalin.pl/cgi-bin/koha/opac-detail.pl?biblionumber=28005
_yKatalog online BPK